Dragon ball Z. (Record no. 12142)
[ view plain ]
| 000 -LEADER | |
|---|---|
| fixed length control field | 00540ngm a22001093a 4500 |
| 008 - FIXED-LENGTH DATA ELEMENTS--GENERAL INFORMATION | |
| fixed length control field | 111221s1993 ja 022 majpn |
| 010 ## - LIBRARY OF CONGRESS CONTROL NUMBER | |
| LC control number | 2011611729 |
| 050 00 - LIBRARY OF CONGRESS CALL NUMBER | |
| Classification number | VAL 9492 (viewing copy) |
| 245 00 - TITLE STATEMENT | |
| Title | Dragon ball Z. |
| Number of part/section of a work | Episode 205 / |
| Statement of responsibility, etc. | produced by Toei Animation Company ; directed and written by Akira Toriyama. |
| 260 ## - PUBLICATION, DISTRIBUTION, ETC. (IMPRINT) | |
| Place of publication, distribution, etc. | Japan : |
| Name of publisher, distributor, etc. | Toei Animation Company, |
| Date of publication, distribution, etc. | 1993-11-03. |
| 500 ## - GENERAL NOTE | |
| General note | Sources used: copyright material; copyright data base; Wikipedia WWW site, viewed December 21, 2011; Internet movie database WWW site, viewed December 13, 2011. |
| Withdrawn status | Lost status | Source of classification or shelving scheme | Damaged status | Koha normalized classification for sorting | Not for loan | Home library | Current library | Shelving location | Date acquired | Total Checkouts | Full call number | Barcode | Date last seen | Date last checked out | Price effective from | Koha item type |
|---|---|---|---|---|---|---|---|---|---|---|---|---|---|---|---|---|
| Dewey Decimal Classification | TOR_823_000000000000000 | Good Samaritan School Library | Good Samaritan School Library | FICTION | 11/19/2022 | 4 | TOR823 | TOR17381 | 12/21/2022 | 12/15/2022 | 11/19/2022 | BOOK |